| 000 | 01012nmc a2200397 a 4500 | ||
|---|---|---|---|
| 003 | AR-BaBNM | ||
| 005 | 20251128204139.0 | ||
| 008 | 217019s1967 ||||||||||||||000 | spa|| | ||
| 040 | _cAR-BaBNM | ||
| 100 | 1 |
_aToynbee, Arnold Joseph _d1889-1975 |
|
| 245 | 1 | 0 | _aEl pensamiento histórico griego |
| 260 |
_aBuenos Aires _bSur _c1967 |
||
| 300 | 0 | _a263 p. | |
| 490 | 0 | _aIndice | |
| 600 | 0 | 4 | _aHerodoto |
| 600 | 0 | 4 | _aTucidides |
| 600 | 0 | 4 | _aPolibio |
| 600 | 1 | 4 | _aJosefo, Flavio |
| 600 | 0 | 4 | _aSolon |
| 650 | 4 | _aHISTORIA ANTIGUA | |
| 650 | 4 | _aIDEOLOGIAS | |
| 650 | 4 | _aFILOSOFIA | |
| 650 | 4 | _aDOCTRINAS POLITICAS | |
| 650 | 4 | _aSOCIEDAD | |
| 650 | 4 | _aRELIGION | |
| 650 | 4 | _aCIVILIZACIONES ANTIGUAS | |
| 650 | 4 | _aFILOSOFIA CULTURAL | |
| 650 | 4 | _aFILOSOFIA DE LA HISTORIA | |
| 650 | 4 | _aNATURALEZA HUMANA | |
| 650 | 4 | _aVALORES CULTURALES | |
| 651 | 4 | _aGrecia | |
| 700 | 1 |
_aGómez, Alicia B. _etraductor |
|
| 700 | 1 |
_aCromberg, Jorge Elías _etraductor |
|
| 942 | _cBK | ||
| 998 | _cmariana | ||
| 999 |
_c6367 _d6367 |
||